APEC Schools

Excel made easy / (Record no. 8824)

000 -LEADER
fixed length control field nam a22 7a 4500
005 - DATE AND TIME OF LATEST TRANSACTION
control field 20200310034705.0
008 - FIXED-LENGTH DATA ELEMENTS--GENERAL INFORMATION
fixed length control field 200310b xxu||||| |||| 00| 0 eng d
020 ## - IDENTIFIER FOR THE MANIFESTATION
Identifier for the Manifestation 9781784049713
Binding hard bound
040 ## - CATALOGING SOURCE
Language of Cataloging eng
Transcribing Agency APEC Schools Library
Description Conventions rda
082 ## - DEWEY DECIMAL CLASSIFICATION NUMBER
Classification number C 005.54
Author's Number As788e 2015
100 ## - CREATOR
Preferred Name of the Person Arthur, Ewan
245 ## - TITLE AND STATEMENT OF RESPONSIBILITY
Preferred Title Proper Excel made easy /
Statement of Responsibility/Parallel Statement of Responsibility Ewan Arthur
264 ## - PUBLICATION STATEMENT
Place of publication, distribution, etc London, England :
Publisher's Name/Parallel Publisher's Name Arcturus,
Copyright ©2015.
300 ## - PHYSICAL DESCRIPTION
Extent 112 pages :
Illustrative Content colored illustrations ;
336 ## - RDA CONTENT
Source rdacontent
Content Type text
337 ## - RDA MEDIA
Source rdamedia
Media Type unmediated
338 ## - RDA CARRIER
Source rdacarrier
Carrier Type volume
504 ## - BIBLIOGRAPHY, ETC. NOTE
Bibliography, etc Includes index.
650 ## - ADDED SUBJECT ACCESS POINT - TOPICAL TERM
Topical Term Microsoft Excel (Computer file).
650 ## - ADDED SUBJECT ACCESS POINT - TOPICAL TERM
Topical Term Electronic spreadsheets.
942 ## - ADDED ENTRY ELEMENTS (KOHA)
Source of Classification
Koha Item Type Non Fiction
Holdings
Library Site Location Shelving Location Source of Acquisition Full Classification Number Accession Number Koha Item Type
APEC Bacoor Library APEC Bacoor Library Circulation Institutional Fund C 005.54 As788e 2015 B04-0000629 Non Fiction
APEC C. Raymundo Library APEC C. Raymundo Library Circulation Institutional Fund C 005.54 As788e 2015 A07-0000552 Non Fiction
APEC Calumpang Library APEC Calumpang Library Circulation Institutional Fund C 005.54 As788e 2015 B10-0000557 Non Fiction
APEC Dasmarinas Library APEC Dasmarinas Library Circulation Institutional Fund C 005.54 As788e 2015 B03-0000592 Non Fiction
APEC Grace Park West Library APEC Grace Park West Library Circulation Institutional Fund C 005.54 As788e 2015 A09-0000436 Non Fiction
APEC JRU Lipa Library APEC JRU Lipa Library Circulation Institutional Fund C 005.54 As788e 2015 B12-0000612 Non Fiction
APEC Las Piñas Library APEC Las Piñas Library Circulation Institutional Fund C 005.54 As788e 2015 C01-0000449 Non Fiction
APEC Marikina Heights Library APEC Marikina Heights Library Circulation Institutional Fund C 005.54 As788e 2015 A08-0000460 Non Fiction
Chain Library Chain Library Circulation Institutional Fund C 005.54 As788e 2015 AC-0000113 Non Fiction

Powered by Koha